00557cam a2200217 a 4500001001300000003000400013005001700017008004100034010001700075025001800092035002000110040001300130050002500143100002800168245004100196260004000237300002100277500001100298546001300309999001700322sa 64000203 DLC20260227111954.0950622s1962 pk 000 0 urdo  asa 64000203  aPL480:P-U-101 a(OCoLC)32693376 aDLCcDLC00aPK2200.Z313bA7 19620 aẒafar Iqbāl,d1933-10aĀb-i ravān̲ /cẒafar Iqbāl. cLāhaur :bNayā Idārah,c1962. a100 p. ;c22 cm. aPoems. aIn Urdu. c56091d56091